000 00490nam a2200193 a 4500
001 1758256383360
003 ACL
005 20250919100527.0
008 250919s2008##################000#0#eng##
020 _a9781433101632
082 0 4 _a792.95
_bWOO.16
100 1 _aWoo, Celestine,
_eauthor.
245 1 0 _aRomantic Actors and Bardolatry :
260 _bPeter Lang,
_c2008.
300 _a234 pages
650 0 _aBiography & Autobiography.
942 _cENGLISH
040 _aACL
_beng
_cACL
999 _c587933
_d587933